| 000 | 01054cam a2200289 a 4500 | ||
|---|---|---|---|
| 001 | 26808 | ||
| 003 | BD-RjUL | ||
| 005 | 20211209051053.0 | ||
| 008 | 140323s1953 ii a 000 0 eng | ||
| 020 | _a0195637895 | ||
| 035 | _a(BD-RjUL)26879 | ||
| 040 |
_aDLC _cDLC _dDLC _beng |
||
| 041 | _aeng | ||
| 082 | 0 | 0 |
_a934 _221 _bRAP 1953 |
| 100 | 1 |
_aRaychaudhuri, Hemchandra, _d1892-1957. _982403 |
|
| 245 | 1 | 0 |
_aPolitical history of ancient India : _bfrom the accession of Parikshit to the extinction of the Gupta dynasty / _cHemchandra Raychaudhuri ; with a commentary by B.N. Mukherjee. |
| 250 | _a6th ed. | ||
| 260 |
_aDelhi ; _aNew York : _bOxford University Press, _c1953. |
||
| 300 |
_axxxv, 849 p. : _c23 cm. |
||
| 504 | _aIncludes bibliographical references. | ||
| 651 | 0 |
_aIndia _xHistory _yTo 324 B.C. _96158 |
|
| 651 | 0 |
_aIndia _xHistory _y324 B.C.-1000 A.D. _982404 |
|
| 856 | 4 | 2 |
_3Publisher description _uhttp://www.loc.gov/catdir/enhancements/fy0636/97122006-d.html |
| 942 |
_2ddc _cBK |
||
| 999 |
_c26808 _d26808 |
||